[Event "Elit(Kamraterna-Wasa)"]
[Site "?"]
[Date "2006.??.??"]
[Round "11"]
[White "Hamark, Jesper"]
[Black "Lyrberg, Patrik"]
[Result "1/2-1/2"]
[WhiteElo "2304"]
[BlackElo "2558"]
[PlyCount "76"]
[EventDate "2006.??.??"]

1. d4 Nf6 2. c4 e6 3. Nc3 Bb4 4. Nf3 b6 5. Bg5 Bb7 6. e3 h6 7. Bh4 g5 8. Bg3
Ne4 9. Qc2 d6 10. Bd3 Bxc3+ 11. bxc3 Nxg3 12. fxg3 g4 13. Nh4 Qg5 14. O-O Nd7
15. e4 O-O-O 16. a4 a5 17. Rf2 Rhg8 18. Raf1 f6 19. Rb1 Rde8 20. Rf4 h5 21.
Rbf1 Rgf8 22. R4f2 Bc6 23. Kh1 Bb7 24. Qb1 Rg8 25. Qc2 Kb8 26. Qb1 Ka7 27. Qc2
Bc6 28. Qd1 Re7 29. Qc2 Ree8 30. Qd1 Rgf8 31. Qc2 Bb7 32. Qb1 Rg8 33. Qc2 Ref8
34. Qb3 Re8 35. Qc2 Re7 36. Qb1 Ree8 37. Qc2 Re7 38. Qb1 Ree8 1/2-1/2

[Event "Elit(Kamraterna-Wasa)"]
[Site "?"]
[Date "2006.??.??"]
[Round "11"]
[White "von Bahr, Oskar"]
[Black "Svenn, Gosta"]
[Result "1/2-1/2"]
[WhiteElo "2366"]
[BlackElo "2385"]
[PlyCount "93"]
[EventDate "2006.??.??"]

1. e4 Nf6 2. e5 Nd5 3. d4 d6 4. Nf3 dxe5 5. Nxe5 g6 6. Bc4 c6 7. O-O Bg7 8. Re1
O-O 9. c3 Be6 10. Bf1 Nd7 11. Nd3 Bf5 12. Bg5 Bxd3 13. Bxd3 a5 14. Nd2 a4 15.
Nf3 a3 16. Qb3 axb2 17. Qxb2 b5 18. a4 Rxa4 19. Rxa4 bxa4 20. c4 N5f6 21. Qa3
Qa5 22. Bd2 Qa7 23. Bc2 Ra8 24. Ra1 Qb7 25. Qb4 Qc7 26. Rxa4 Rxa4 27. Bxa4 c5
28. Qa5 Qxa5 29. Bxa5 e6 30. Kf1 cxd4 31. Nxd4 Nc5 32. Bc6 Ng4 33. Nf3 Ne5 34.
Nxe5 Bxe5 35. Bd2 Bd4 36. Bh6 f6 37. Ke2 Kf7 38. h4 Ke7 39. Bb5 Kd6 40. g3 e5
41. Bf8+ Ke6 42. Bc6 f5 43. Bh6 Kf6 44. Bd5 Ne6 45. f3 Bb6 46. Bxe6 Kxe6 47. g4
1/2-1/2

[Event "Elit(Kamraterna-Wasa)"]
[Site "?"]
[Date "2006.??.??"]
[Round "11"]
[White "Wengholm, Anders"]
[Black "Astrom, Goran"]
[Result "1/2-1/2"]
[WhiteElo "2261"]
[BlackElo "2346"]
[PlyCount "82"]
[EventDate "2006.??.??"]

1. Nf3 c5 2. c4 Nf6 3. Nc3 e6 4. g3 b6 5. Bg2 Bb7 6. O-O Be7 7. Re1 d5 8. cxd5
Nxd5 9. e4 Nb4 10. d4 cxd4 11. Nxd4 N8c6 12. Nxc6 Nxc6 13. e5 Qxd1 14. Rxd1 Rd8
15. Be3 O-O 16. Nb5 Bc5 17. Bxc5 bxc5 18. Nxa7 Nd4 19. Bxb7 Rd7 20. Be4 Rxa7
21. Kf1 Rb8 22. b3 f5 23. exf6 gxf6 24. g4 Rb5 25. Rac1 Rxa2 26. b4 Rxb4 27.
Rxc5 Ra7 28. Bd3 Kg7 29. Bc4 e5 30. Rd3 Rb1+ 31. Kg2 Ne2 32. Rd8 Nf4+ 33. Kf3
Re1 34. g5 Ra3+ 35. Kg4 Rg1+ 36. Kf5 Rxg5+ 37. Ke4 Ra7 38. Rc6 Rg6 39. Kf5 Rg5+
40. Ke4 Rg6 41. Kf5 Rg5+ 1/2-1/2

[Event "Elit(Kamraterna-Wasa)"]
[Site "?"]
[Date "2006.??.??"]
[Round "11"]
[White "Hellborg, Teodor"]
[Black "Haggstrom, Olle"]
[Result "1-0"]
[WhiteElo "2389"]
[BlackElo "2263"]
[PlyCount "97"]
[EventDate "2006.??.??"]

1. d4 e6 2. c4 Nf6 3. Nc3 d5 4. cxd5 exd5 5. Bg5 Be7 6. e3 c6 7. Qc2 Nbd7 8.
Bd3 O-O 9. Nge2 Re8 10. O-O Nf8 11. f3 Be6 12. Bh4 Rc8 13. Kh1 a6 14. Bf2 c5
15. Qd2 cxd4 16. exd4 Bd6 17. g4 Qc7 18. Bg3 Bxg3 19. hxg3 Qd6 20. Rf2 Rc7 21.
Kg2 Rce7 22. Rh1 N6d7 23. Kf1 g6 24. Kg2 Nb8 25. Qg5 Nbd7 26. Qd2 f6 27. Rc1
Nb8 28. g5 Bf7 29. Qf4 Qxf4 30. Nxf4 fxg5 31. Nfxd5 Bxd5 32. Nxd5 Rf7 33. Nc7
Rc8 34. Rfc2 Kh8 35. d5 Rd8 36. Be4 Kg7 37. d6 Rfd7 38. Rd1 b5 39. Bb7 Kf7 40.
Bd5+ Kf6 41. Re2 Rxd6 42. Ne8+ Rxe8 43. Rxe8 Nbd7 44. Bb3 Rc6 45. Rde1 g4 46.
fxg4 Kg5 47. Rf1 Rf6 48. Rxf6 Kxf6 49. Ra8 1-0

[Event "Elit(Kamraterna-Wasa)"]
[Site "?"]
[Date "2006.??.??"]
[Round "11"]
[White "Borvander, Tom"]
[Black "Collett, Peter"]
[Result "1-0"]
[WhiteElo "2238"]
[BlackElo "2236"]
[PlyCount "71"]
[EventDate "2006.??.??"]

1. d4 Nf6 2. c4 e6 3. Nc3 Bb4 4. Qc2 d5 5. a3 Bxc3+ 6. Qxc3 Ne4 7. Qc2 e5 8. e3
Nc6 9. b4 Bf5 10. Qb3 dxc4 11. Bxc4 exd4 12. Bxf7+ Kf8 13. Nf3 Qf6 14. Bc4 dxe3
15. O-O exf2+ 16. Kh1 Bg4 17. Ra2 Bxf3 18. Qxf3 Qxf3 19. gxf3 Nd6 20. Bd5 Ne5
21. Be3 Re8 22. Bxf2 Ke7 23. Bd4 Kd7 24. f4 Nef7 25. Bxg7 Rhg8 26. Bd4 Rg4 27.
Rd2 Nh6 28. Bf3 Rgg8 29. Be5 b6 30. Rc1 Rc8 31. Bc6+ Ke7 32. Re1 Kf8 33. Bxd6+
cxd6 34. Rxd6 Nf7 35. Rde6 Rg4 36. Bd7 1-0

[Event "Elit(Kamraterna-Wasa)"]
[Site "?"]
[Date "2006.??.??"]
[Round "11"]
[White "Berkell, Peder"]
[Black "Andersson, Michael"]
[Result "1/2-1/2"]
[WhiteElo "2204"]
[BlackElo "2211"]
[PlyCount "56"]
[EventDate "2006.??.??"]

1. c4 c6 2. Nf3 d5 3. e3 Nf6 4. Nc3 a6 5. b3 Bf5 6. Bb2 e6 7. Be2 h6 8. O-O Be7
9. d3 O-O 10. Rc1 Nbd7 11. cxd5 cxd5 12. Nd4 Bh7 13. f4 Rc8 14. Qd2 b5 15. a4
b4 16. Na2 Qb6 17. Rxc8 Rxc8 18. Rc1 Rxc1+ 19. Nxc1 e5 20. fxe5 Nxe5 21. h3
Nfd7 22. Qc2 Nc5 23. Nf3 Nxf3+ 24. Bxf3 Nxd3 25. Qc8+ Qd8 26. Qxd8+ Bxd8 27.
Nxd3 Bxd3 28. Bxd5 Bb6 1/2-1/2

[Event "Elit(Kamraterna-Wasa)"]
[Site "?"]
[Date "2006.??.??"]
[Round "11"]
[White "Martensson, Ulf"]
[Black "Soderberg, Per"]
[Result "0-1"]
[WhiteElo "2189"]
[BlackElo "2225"]
[PlyCount "80"]
[EventDate "2006.??.??"]

1. d4 c5 2. e3 Nf6 3. Nf3 cxd4 4. exd4 g6 5. Bd3 Bg7 6. O-O O-O 7. c3 d6 8.
Nbd2 Nc6 9. Re1 Qc7 10. Qe2 Re8 11. Bc4 Na5 12. Bd3 a6 13. Nc4 Bg4 14. Nxa5
Qxa5 15. h3 Bf5 16. Bf4 Rad8 17. Bxf5 Qxf5 18. Bh2 Bh6 19. Rad1 Nd5 20. Qe4 b5
21. Qxf5 gxf5 22. Re2 f6 23. Rde1 Kf7 24. Nh4 e6 25. c4 bxc4 26. Rc2 Nb6 27. b3
Rc8 28. Bxd6 cxb3 29. Rxc8 Nxc8 30. Bc5 Bd2 31. Rd1 b2 32. Rb1 Bc3 33. Ba3 Ne7
34. Nf3 Rb8 35. Bxe7 Kxe7 36. Kf1 e5 37. dxe5 fxe5 38. Ke2 Rd8 39. Ne1 Rd2+ 40.
Kf3 Bd4 0-1

[Event "Elit(Rockaden-Limhamn)"]
[Site "?"]
[Date "2006.??.??"]
[Round "11"]
[White "Brynell, Stellan"]
[Black "Barkhagen, Jonas"]
[Result "1/2-1/2"]
[WhiteElo "2628"]
[BlackElo "2542"]
[PlyCount "33"]
[EventDate "2006.??.??"]

1. d4 Nf6 2. c4 e6 3. g3 d5 4. Bg2 Be7 5. Nf3 O-O 6. O-O dxc4 7. Qc2 a6 8. a4
Bd7 9. Qxc4 Bc6 10. Bg5 a5 11. Nc3 Na6 12. Rac1 Bxf3 13. Bxf3 c6 14. Rfd1 Nb4
15. e4 Qd7 16. Be3 Rfd8 17. Kg2 1/2-1/2

[Event "Elit(Rockaden-Limhamn)"]
[Site "?"]
[Date "2006.??.??"]
[Round "11"]
[White "Karlsson, Lars"]
[Black "Jepson, Christian"]
[Result "1-0"]
[WhiteElo "2626"]
[BlackElo "2476"]
[PlyCount "61"]
[EventDate "2006.??.??"]

1. g3 g6 2. Bg2 Bg7 3. c4 Nf6 4. Nc3 d6 5. e4 c5 6. Nge2 Nc6 7. d3 a6 8. h3 Nd7
9. a4 Rb8 10. O-O Nf8 11. Be3 Ne6 12. Rb1 Ned4 13. Kh2 O-O 14. b3 Nxe2 15. Nxe2
b5 16. axb5 axb5 17. Qd2 Bd7 18. Bh6 Qa5 19. Qe3 Bxh6 20. Qxh6 bxc4 21. dxc4
Rb4 22. f4 Rfb8 23. f5 Qd8 24. fxg6 fxg6 25. Rf7 Kxf7 26. Qxh7+ Kf6 27. Rf1+
Bf5 28. exf5 Ne5 29. fxg6+ Ke6 30. g7 Kd7 31. Bd5 1-0

[Event "Elit(Rockaden-Limhamn)"]
[Site "?"]
[Date "2006.??.??"]
[Round "11"]
[White "Ahlander, Bjorn"]
[Black "Livner, Anders"]
[Result "1-0"]
[WhiteElo "2529"]
[BlackElo "2407"]
[PlyCount "51"]
[EventDate "2006.??.??"]

1. d4 d5 2. c4 dxc4 3. e4 e5 4. Nf3 exd4 5. Bxc4 Bb4+ 6. Nbd2 Nc6 7. O-O Nf6 8.
e5 Nd5 9. Nb3 Nb6 10. Bg5 Be7 11. Bxe7 Qxe7 12. Bb5 Bd7 13. Bxc6 Bxc6 14. Nfxd4
Bd5 15. Qg4 O-O 16. Rfe1 g6 17. Rac1 Rfe8 18. h4 Nc4 19. Qg3 Rad8 20. h5 c5 21.
Nb5 b6 22. e6 Nxb2 23. hxg6 hxg6 24. Nc7 Rf8 25. Re2 Qf6 26. e7 1-0

[Event "Elit(Rockaden-Limhamn)"]
[Site "?"]
[Date "2006.??.??"]
[Round "11"]
[White "Hermansson, Emil"]
[Black "Eriksson, Magnus"]
[Result "1/2-1/2"]
[WhiteElo "2502"]
[BlackElo "2431"]
[PlyCount "43"]
[EventDate "2006.??.??"]

1. e4 c5 2. Nf3 e6 3. d4 cxd4 4. Nxd4 a6 5. Bd3 Bc5 6. Nb3 Ba7 7. Qe2 Nc6 8.
Be3 d6 9. O-O e5 10. Bxa7 Rxa7 11. Qe3 Nf6 12. c4 O-O 13. Nc3 Be6 14. Rad1 Ra8
15. Be2 Qe7 16. Rd2 Rac8 17. Rfd1 Rfd8 18. Bf1 g6 19. h3 Kg7 20. Na4 b5 21. Nb6
Rb8 22. Nd5 1/2-1/2

[Event "Elit(Rockaden-Limhamn)"]
[Site "?"]
[Date "2006.??.??"]
[Round "11"]
[White "Dragicevic, Drazen"]
[Black "Bator, Robert"]
[Result "0-1"]
[WhiteElo "2298"]
[BlackElo "2461"]
[PlyCount "78"]
[EventDate "2006.??.??"]

1. e4 c5 2. Nf3 Nc6 3. d4 cxd4 4. Nxd4 e5 5. Nb5 d6 6. N1c3 a6 7. Na3 Be7 8.
Nc4 b5 9. Ne3 Nf6 10. Ned5 Nxd5 11. Nxd5 O-O 12. a4 Rb8 13. axb5 axb5 14. c3
Bg5 15. Be2 Bxc1 16. Qxc1 Ne7 17. Nxe7+ Qxe7 18. O-O Bb7 19. Qe3 d5 20. Bxb5
dxe4 21. b4 f5 22. Rfd1 f4 23. Qh3 Qg5 24. Bc4+ Kh8 25. Bd5 Bc8 26. Be6 e3 27.
Bxc8 Rbxc8 28. Qf3 e4 29. Qxe4 f3 30. g3 Rce8 31. Qd4 Qh5 32. Qh4 exf2+ 33.
Kxf2 Qf5 34. Rd2 Re2+ 35. Rxe2 fxe2+ 36. Kxe2 Qc2+ 37. Ke3 Qxc3+ 38. Ke2 Qxa1
39. Qe7 Qf1+ 0-1

[Event "Elit(Rockaden-Limhamn)"]
[Site "?"]
[Date "2006.??.??"]
[Round "11"]
[White "Hedman, Erik"]
[Black "Nylen, Anders"]
[Result "1-0"]
[WhiteElo "2429"]
[BlackElo "2285"]
[PlyCount "111"]
[EventDate "2006.??.??"]

1. e4 c5 2. Nf3 d6 3. Bc4 e6 4. Bb3 Nc6 5. c3 Nf6 6. Qe2 Be7 7. O-O O-O 8. d3
b6 9. Nbd2 Ba6 10. Re1 Qd7 11. Nf1 Rad8 12. Bf4 Rfe8 13. Rad1 Qc7 14. Ng5 Bf8
15. Nh3 Ne5 16. Ba4 b5 17. d4 Qa5 18. dxe5 bxa4 19. c4 dxe5 20. Bxe5 Be7 21.
Qc2 Bb7 22. f3 Bc6 23. Rc1 Nd7 24. Bc3 Qc7 25. e5 f6 26. Nf4 Bf8 27. Ng3 Nxe5
28. Bxe5 fxe5 29. Nd3 Rd4 30. Nxe5 Bd6 31. Qe2 Be4 32. Nxe4 Bxe5 33. g3 Rd7 34.
Kg2 Bd4 35. Rc2 h6 36. Rd2 Rf7 37. Red1 Ref8 38. Rd3 Qc6 39. b3 axb3 40. Rxb3
Kh8 41. Rdb1 Qc7 42. Nd2 Qa5 43. Ne4 Qc7 44. Rf1 Qc6 45. h4 Rf5 46. Rfb1 Qc7
47. Rb7 Qa5 48. R1b3 Qa6 49. Rd7 Re5 50. Rbb7 Rxe4 51. Qxe4 Qxa2+ 52. Kh3 Qxc4
53. Rf7 Rd8 54. Rbd7 Rc8 55. Kg4 a5 56. Rxg7 1-0

[Event "Elit(Rockaden-Limhamn)"]
[Site "?"]
[Date "2006.??.??"]
[Round "11"]
[White "Tadjerbashi, Amir"]
[Black "Engqvist, Thomas"]
[Result "0-1"]
[WhiteElo "2234"]
[BlackElo "2404"]
[PlyCount "60"]
[EventDate "2006.??.??"]

1. e4 c6 2. d4 d5 3. Nd2 dxe4 4. Nxe4 Bf5 5. Ng3 Bg6 6. h4 h6 7. Nf3 Nf6 8. Ne5
Bh7 9. Bd3 Bxd3 10. Qxd3 e6 11. Bd2 Nbd7 12. f4 Bd6 13. O-O-O O-O 14. Rhe1 Qc7
15. Ne4 Nxe4 16. Qxe4 f5 17. Qf3 Nf6 18. Nd3 Ne4 19. Rxe4 fxe4 20. Qxe4 Qf7 21.
g4 h5 22. Rg1 hxg4 23. Rxg4 Qf5 24. Qg2 Rf7 25. Rg5 Qh7 26. Qe2 Rf6 27. Rh5 Rh6
28. Rxh6 Qxh6 29. Qg4 Rf8 30. f5 exf5 0-1

[Event "Elit(Rockaden-Limhamn)"]
[Site "?"]
[Date "2006.??.??"]
[Round "11"]
[White "Zadruzny, Nicolaj"]
[Black "Penalver, Osmani"]
[Result "1-0"]
[WhiteElo "2344"]
[BlackElo "2235"]
[PlyCount "67"]
[EventDate "2006.??.??"]

1. e4 c5 2. Nf3 d6 3. d4 cxd4 4. Nxd4 Nf6 5. Nc3 a6 6. Bg5 e6 7. f4 Qb6 8. Qd2
Qxb2 9. Nb3 Qa3 10. Bxf6 gxf6 11. Be2 Nc6 12. O-O Be7 13. Bh5 Qb4 14. Kh1 Qb6
15. Rab1 Qc7 16. f5 O-O 17. Rf3 Ne5 18. Rh3 Kh8 19. Qh6 Rg8 20. Bxf7 Rg7 21.
Bxe6 Bxe6 22. fxe6 Qc4 23. Qd2 Qxe6 24. Nd4 Qd7 25. Nf5 Rg5 26. Nd5 Bd8 27. Qb4
Rc8 28. c3 Rc4 29. Qxb7 Rxe4 30. Qxd7 Nxd7 31. Nxd6 Rxd5 32. Nxe4 f5 33. Nf2
Nc5 34. Rd1 1-0

[Event "Elit(Skara-SodraSASS)"]
[Site "?"]
[Date "2006.??.??"]
[Round "11"]
[White "Kulaots, Kaido"]
[Black "Winsnes, Rikard"]
[Result "1-0"]
[WhiteElo "2656"]
[BlackElo "2510"]
[PlyCount "73"]
[EventDate "2006.??.??"]

1. e4 c5 2. Nf3 d6 3. Bb5+ Nc6 4. O-O Bd7 5. Re1 Nf6 6. c3 a6 7. Bf1 Bg4 8. d3
e6 9. Nbd2 Nd7 10. h3 Bh5 11. g4 Bg6 12. d4 h5 13. d5 Nce5 14. Nxe5 dxe5 15.
dxe6 fxe6 16. Nf3 hxg4 17. hxg4 Qf6 18. Bg5 Qf7 19. Rc1 Qg8 20. Qb3 b5 21. Rcd1
c4 22. Bxc4 Qh7 23. Bh4 Be7 24. Bxb5 Bxh4 25. Qxe6+ Be7 26. Kf1 Bf7 27. Bxd7+
Kf8 28. Qc6 Rb8 29. b3 Qh3+ 30. Ke2 Rh6 31. Qc7 Rd8 32. g5 Rxd7 33. Qxd7 Be6
34. Qd3 Rh5 35. Rh1 Qxh1 36. Rxh1 Rxh1 37. Nxe5 1-0

[Event "Elit(Skara-SodraSASS)"]
[Site "?"]
[Date "2006.??.??"]
[Round "11"]
[White "Cicak, Slavko"]
[Black "Akesson, Ralf"]
[Result "1-0"]
[WhiteElo "2536"]
[BlackElo "2582"]
[PlyCount "75"]
[EventDate "2006.??.??"]

1. e4 c5 2. Nf3 e6 3. b3 b6 4. Bd3 Nc6 5. O-O Bb7 6. Re1 d6 7. Bf1 Nf6 8. c3
Rc8 9. d4 cxd4 10. cxd4 d5 11. e5 Ne4 12. a3 Be7 13. Bd3 O-O 14. Bb2 Nb8 15.
Qe2 Rc7 16. Nbd2 Nxd2 17. Nxd2 Bg5 18. Nf1 Qc8 19. Qh5 h6 20. h4 Be7 21. Rad1
Ba6 22. Bb1 Qe8 23. Qg4 Bc8 24. Ng3 f5 25. exf6 Bxf6 26. Nh5 Nc6 27. Nf4 e5 28.
Qg6 Qxg6 29. Nxg6 Nxd4 30. Nxf8 Kxf8 31. Bxd4 exd4 32. Bg6 Bd7 33. Rd2 a5 34.
a4 Rc8 35. g3 Bg4 36. Rc2 Be7 37. Rxc8+ Bxc8 38. Re5 1-0

[Event "Elit(Skara-SodraSASS)"]
[Site "?"]
[Date "2006.??.??"]
[Round "11"]
[White "Sjoberg, Mats"]
[Black "Gausel, Einar"]
[Result "1/2-1/2"]
[WhiteElo "2398"]
[BlackElo "2563"]
[PlyCount "55"]
[EventDate "2006.??.??"]

1. d4 Nf6 2. Nf3 d5 3. c4 c6 4. Nc3 e6 5. Qb3 dxc4 6. Qxc4 b5 7. Qb3 Nbd7 8.
Bg5 Be7 9. e3 O-O 10. Be2 Bb7 11. O-O a6 12. Bxf6 gxf6 13. e4 c5 14. d5 Qb6 15.
Rad1 Rad8 16. Qc2 Kh8 17. a4 b4 18. Nb1 Ne5 19. Nxe5 fxe5 20. Bc4 Bg5 21. Nd2
exd5 22. Bxd5 Bxd5 23. exd5 Bxd2 24. Rxd2 Qd6 25. Rc1 Rc8 26. Qf5 c4 27. Rdc2
Qxd5 28. Qf6+ 1/2-1/2

[Event "Elit(Skara-SodraSASS)"]
[Site "?"]
[Date "2006.??.??"]
[Round "11"]
[White "Djurhuus, Rune"]
[Black "Furhoff, Johan"]
[Result "1/2-1/2"]
[WhiteElo "2598"]
[BlackElo "2430"]
[PlyCount "119"]
[EventDate "2006.??.??"]

1. Nf3 Nc6 2. c4 e5 3. Nc3 f5 4. d4 e4 5. Ng5 Bb4 6. h4 h6 7. Nh3 Qxh4 8. Bf4
Qe7 9. e3 Bxc3+ 10. bxc3 Nf6 11. Qa4 O-O 12. Bxc7 d6 13. Ba5 Nxa5 14. Qxa5 b6
15. Qa3 g5 16. Ng1 Kg7 17. Ne2 Ng4 18. g3 Be6 19. d5 Bd7 20. Rg1 Rfc8 21. Nd4
Rc7 22. Rb1 Rac8 23. Bh3 Ne5 24. Bxf5 Rxc4 25. Bxe4 Rxc3 26. Qxa7 R8c7 27. Qxb6
Ng4 28. f3 Nf6 29. Ne2 R3c4 30. Bd3 R4c5 31. e4 g4 32. Rf1 gxf3 33. Rxf3 Bg4
34. Rxf6 Qxf6 35. Qb2 Bxe2 36. Qxf6+ Kxf6 37. Kxe2 Ra5 38. Rf1+ Kg5 39. Rf5+
Kg4 40. Kf2 Rxa2+ 41. Be2+ Rxe2+ 42. Kxe2 Kxg3 43. Rf6 h5 44. Rxd6 h4 45. Ke3
h3 46. Rg6+ Kh4 47. Rh6+ Kg3 48. d6 Rc1 49. e5 Rd1 50. Ke4 h2 51. Kf5 Rd4 52.
Rxh2 Kxh2 53. Ke6 Kg3 54. Ke7 Kf4 55. e6 Ke5 56. d7 Rd6 57. Kf7 Kf5 58. e7 Rxd7
59. Kf8 Rxe7 60. Kxe7 1/2-1/2

[Event "Elit(Skara-SodraSASS)"]
[Site "?"]
[Date "2006.??.??"]
[Round "11"]
[White "Welin, Thomas"]
[Black "Ziegler, Ari"]
[Result "0-1"]
[WhiteElo "2382"]
[BlackElo "2377"]
[PlyCount "124"]
[EventDate "2006.??.??"]

1. c4 g6 2. e4 Bg7 3. d4 d6 4. Nf3 Nf6 5. Nc3 O-O 6. Be2 e5 7. O-O Nc6 8. d5
Ne7 9. b4 Nh5 10. c5 Nf4 11. Bxf4 exf4 12. Qd2 f5 13. exf5 Nxf5 14. Rac1 g5 15.
h3 h5 16. Nh2 g4 17. hxg4 hxg4 18. Bxg4 Qh4 19. Ne4 Be5 20. Qd3 Nd4 21. g3 Qh7
22. Bxc8 Raxc8 23. Rc4 Rce8 24. Nf3 Nxf3+ 25. Qxf3 fxg3 26. Qg4+ Kh8 27. fxg3
Rxf1+ 28. Kxf1 Qh1+ 29. Ke2 Bxg3 30. Kd3 Be5 31. Nd2 Qxd5+ 32. Kc2 Qf7 33. cxd6
cxd6 34. a3 b5 35. Rc8 Rxc8+ 36. Qxc8+ Kg7 37. Qc6 Qg6+ 38. Kc1 Qd3 39. Qd7+
Kf6 40. Qd8+ Ke6 41. Qe8+ Kf6 42. Qf8+ Kg6 43. Qg8+ Bg7 44. Qe6+ Kh7 45. Qe4+
Qxe4 46. Nxe4 Be5 47. Ng5+ Kg6 48. Ne6 d5 49. Nc5 Kf5 50. Kc2 Bd6 51. Nb3 Ke4
52. Nd2+ Ke3 53. Nb3 d4 54. Nc1 Bc7 55. Nd3 a5 56. bxa5 Bxa5 57. Nb2 Ke2 58.
Nd3 Bc7 59. Nc1+ Ke3 60. Nd3 Bd6 61. a4 bxa4 62. Nb2 a3 0-1

[Event "Elit(Skara-SodraSASS)"]
[Site "?"]
[Date "2006.??.??"]
[Round "11"]
[White "Friberg, Hans"]
[Black "Lundvik, Jonas"]
[Result "1-0"]
[WhiteElo "2254"]
[BlackElo "2348"]
[PlyCount "31"]
[EventDate "2006.??.??"]

1. Nf3 Nf6 2. c4 c6 3. d4 d5 4. Nc3 e6 5. Bg5 h6 6. Bxf6 Qxf6 7. Qc2 Nd7 8. e4
dxe4 9. Qxe4 Bb4 10. Bd3 c5 11. O-O cxd4 12. Nd5 Qd8 13. Nxb4 a5 14. Nc2 Nc5
15. Qe2 O-O 16. Rad1 1-0

[Event "Elit(Skara-SodraSASS)"]
[Site "?"]
[Date "2006.??.??"]
[Round "11"]
[White "Winge, Stefan"]
[Black "Eklund, Lars-Goran"]
[Result "0-1"]
[WhiteElo "2263"]
[BlackElo "2330"]
[PlyCount "70"]
[EventDate "2006.??.??"]

1. e4 c5 2. Nf3 Nc6 3. d4 cxd4 4. Nxd4 Nf6 5. Nc3 e5 6. Ndb5 d6 7. Bg5 a6 8.
Na3 b5 9. Bxf6 gxf6 10. Nd5 f5 11. c3 Bg7 12. exf5 Bxf5 13. Nc2 O-O 14. Nce3
Be6 15. Bd3 f5 16. Qh5 e4 17. Bc2 Ne7 18. Rd1 b4 19. O-O bxc3 20. bxc3 Rc8 21.
c4 Kh8 22. Kh1 Bf7 23. Qe2 Nxd5 24. Nxd5 Be5 25. f4 exf3 26. gxf3 Bh5 27. Ne3
Qg5 28. Qf2 Qf4 29. Rd2 Rf7 30. Bd1 Bd4 31. Rd3 Bc5 32. Nd5 Qe5 33. Qd2 Rg7 34.
Qf4 Qe6 35. Bc2 Qe2 0-1

[Event "Elit(Skara-SodraSASS)"]
[Site "?"]
[Date "2006.??.??"]
[Round "11"]
[White "Mohammadi, Amir"]
[Black "Holmqvist, Gunnar"]
[Result "0-1"]
[WhiteElo "2287"]
[BlackElo "2249"]
[PlyCount "108"]
[EventDate "2006.??.??"]

1. e4 e5 2. Nf3 Nc6 3. Bc4 Bc5 4. Nc3 Nf6 5. d3 d6 6. h3 h6 7. Na4 Bb6 8. Nxb6
axb6 9. O-O Na5 10. Nd2 O-O 11. b4 Nxc4 12. Nxc4 Be6 13. Ne3 d5 14. exd5 Nxd5
15. Nxd5 Qxd5 16. Bb2 e4 17. Re1 exd3 18. Qxd3 Qxd3 19. cxd3 Rfd8 20. d4 Rxa2
21. Rxa2 Bxa2 22. Re7 Rc8 23. Ba3 Be6 24. b5 Bc4 25. Bc1 Kf8 26. Ba3 Kg8 27.
Bc1 g5 28. h4 Kf8 29. Ba3 Kg7 30. hxg5 hxg5 31. Bc1 Kg6 32. f4 Kf6 33. Re5 gxf4
34. Bxf4 c6 35. bxc6 bxc6 36. g3 Bd5 37. Re2 Ra8 38. Kf2 Kg6 39. Rb2 b5 40. Bd6
f6 41. Bb4 Kf5 42. Ke3 Re8+ 43. Kf2 Kg4 44. Bd6 Bc4 45. Rd2 Rh8 46. Ke3 Rd8 47.
Bf4 Re8+ 48. Kf2 b4 49. Rc2 Bd5 50. Re2 Ra8 51. Rb2 b3 52. Bd2 Rh8 53. Rb1 Rh2+
54. Ke3 Bc4 0-1